| 000 | 00625nam a22002055a 4500 | ||
|---|---|---|---|
| 008 | 100325s2009 ii|||||r|||| 000 0 eng d | ||
| 020 | _a9350999765 | ||
| 020 | _a9789350999769 | ||
| 040 |
_aEG-ScBUE _beng _cEG-ScBUE |
||
| 082 |
_222 _a005.1 _bPUN |
||
| 100 | 1 |
_913035 _aPuntambekar, Anuradha A. |
|
| 245 |
_aSoftware Engineering / _cAnuradha A. Puntambekar |
||
| 260 |
_aPune: _bTechnical pub., 2009 _c2009 |
||
| 300 |
_a1 v. (various pagings) : _bill.; _c24 cm. |
||
| 590 | _aWessam | ||
| 650 | 7 |
_93832 _aSoftware engineering. _2BUEsh |
|
| 651 | _2BUEsh | ||
| 653 |
_bCOMSCI _cDecember2016 |
||
| 942 |
_2ddc _cBB _e22 _k005.1 PUN |
||
| 999 |
_c23642 _d23614 |
||